| 000 | 01338nam a2200229 a 4500 | ||
|---|---|---|---|
| 001 | 000868280 | ||
| 003 | AM-YeHGA | ||
| 005 | 20250617162313.0 | ||
| 008 | 120217s1957 ||||||||||||||||||||rus d | ||
| 040 | _aAM-YeHGA | ||
| 041 | 0 | _arus | |
| 245 | 0 | 0 |
_aКурорт Тинаки и Тинанское грязевое озеро : _bСборник / _cМЗ РСФСР, Астраханский гос. мед. ин-т им. А.В. Луначарского. |
| 260 |
_aАстрахань : _bИзд-во газ. "Волга", _c1957. |
||
| 300 | _aвып. | ||
| 505 | 1 | 0 |
_gВып. 1 (74 с.) : _tКурорт Тинаки (Краткий очерк истории возникновения, развития и современного состояния); Обзор научных исследований по изучению Тинанского озера / _rРедкол. С.В. Захаров _gВып. 3 (1958, 103 с.) |
| 650 | 1 | 4 | _aКурортотерапия |
| 650 | 1 | 4 | _aКурорт Тинаки |
| 650 | 1 | 4 | _aЛечебные грязи Тинанского озера |
| 710 | 2 | _aМинистерство здравоохранения РСФСР | |
| 710 | 2 | _aАстраханский государственный медицинский институт им. А.В. Луначарского | |
| 090 | _c490380 | ||
| 999 |
_c487011 _d487011 |
||